000 00447nab a2200145Ia 4500
003 ES-SlBCS
005 20210601125238.0
008 140529s1978 xxu||||| |||| 00| 0 eng d
041 _aeng
100 1 _aHiley, David R.
_9155919
245 0 0 _aIs Eliminative Materialism Materialistic?
_c David R. Hiley
650 0 4 _aMaterialismo
_988993
773 0 _tPhilosophy and Phenomenological Research
_gvol. 38, 1978, págs. 325-337
_wRev1411
942 _cAR
999 _c527169
_d527169